000 01163nam a22002657a 4500
001 BD-DhSAU
003 BD-DhSAU
005 20250727094852.0
008 150420b2005 bg ||||| m||| 00| 0 eng d
040 _aBD-DhSAU
082 _222
_a338.1
_bIs41
100 _aISLAM, SANJIDA
_eRegistration No. # 15-06858
245 _aAdoption determinants of integrated pest management practices on tomato cultivation in narsingdi district of bangladesh /
_bMS thesis
260 _aSher-e-Bangla Agricultural Uniersity :
_bDepartment of Agriculture Economics,
_c2022.
300 _avii, 43p. ;
_c30 cm.
500 _aMS thesis of Department of Agriculture Economics, Faculty of Agribusiness, Sher-e-Bangla Agricultural University, Dhaka, Bangladesh
504 _aIncludes bibliographical reference.
590 _aNazmul
650 _aintegrated pest management practices
651 _atomato cultivation in narsingdi
700 _aProf. Dr. Rokeya Begum
_eSuperviser
700 _aProf. Dr. Ripon Kumar Mondal
_eCo-superviser
856 _uhttp://archive.saulibrary.edu.bd:8080/xmlui/handle/123456789/5273
942 _2ddc
_cTHESIS
999 _c17603
_d17602